Giáo trình Hán ngữ sơ cấp nâng cao

Saved in:
Bibliographic Details
Format: Book
Tags: Add Tag
No Tags, Be the first to tag this record!
Institutions: Mạng thư viện Đại học Đà Nẵng
LEADER 00435nam a22001691a 4500
001 000036995
003 13290
005 20160412014954.0
008 160412s0 000
082 |a 4H(07)580-84 
245 |a Giáo trình Hán ngữ sơ cấp nâng cao  |c Lưu Lập Tân 
OWN |a LNN 
999 |a From the UDN01 
TYP |a Monograph 
980 |a Mạng thư viện Đại học Đà Nẵng